| 000 | 01269cam a2200289 i 4500 | ||
|---|---|---|---|
| 003 | SA-RiAUC | ||
| 005 | 20250830041027.0 | ||
| 008 | 250817s2002 su g b 000 0 ara c | ||
| 020 | _a9960693813 | ||
| 040 |
_aSA-JeALM _bara _cSA-RiAUC _erda |
||
| 043 | _aa-ba--- | ||
| 082 | 0 | 4 |
_a953.7 _qSA-RiAUC |
| 090 |
_a953.7 _bم د ي |
||
| 100 | 1 |
_aالمديرس، عبد الرحمن بن مديرس، _d1951- _eمؤلف. |
|
| 245 | 1 | 2 |
_aالدولة العيونية في البحرين 469-646 هـ / 1076-1238 م / _cعبد الرحمن بن مديرس المديرس. |
| 264 | 1 |
_aالرياض : _bدارة الملك عبد العزيز، _c2002. |
|
| 300 |
_a268 صفحة ؛ _c24 سم. |
||
| 336 |
_aنص _btxt _2rdacontent _3كتاب |
||
| 337 |
_aبدون وسيط _bn _2rdamedia |
||
| 338 |
_aمجلد _bnc _2rdacarrier |
||
| 490 | 1 |
_aإصدارات دارة الملك عبد العزيز. _aسلسلة الرسائل الجامعية ؛ _v112 |
|
| 504 | _aببليوجرافية : صفحة 223-253. | ||
| 651 | 7 |
_aالبحرين _xتاريخ _yالعيونيون، 1076-1238 _2aucsh |
|
| 830 | 0 |
_aسلسلة الرسائل الجامعية (دارة الملك عبد العزيز) _v112 |
|
| 942 |
_2ddc _cBOOK _n0 |
||
| 949 |
_aSA-JeALM _d250817 _umohamedma123 _n1 |
||
| 999 |
_c11296 _d11296 |
||